000 00690nam a2200241Ia 4500
003 OSt
005 20220928112603.0
006 a|||||r|||| 00| 0
007 ta
008 220927b |||||||| |||| 00| 0 eng d
024 _a30386
037 _cTextual
040 _aSDCL
_cSDCL
_beng
041 _2eng
_aeng
082 _aO15,3J6011,2, N8
100 _aBhatta Narayana
_9428964
245 0 _aPrabandhamanjari.
260 _aNew Delhi
_bRashtriya- Sanskrit - Sansthanam
_c1998
300 _alxvi,365p.
_ccm.
490 _aBharat- swatantrya- swarna- jaiyanti- granthamala 6
942 _hO15,3J6011,2, N8
_cTEXL
_2CC
999 _c745441
_d745441